Devinez la Capitale Mystère #51 - Statistiques

Statistiques générales
  • Ce quiz a été pris 188 fois
  • Le résultat moyen est 28 sur 32
Statistiques - réponses
Type de Réponse Réponse % Correct
Lettre Trouvée S
100%
Lettre Bien Placée A
99%
Lettre Trouvée A
99%
Lettre de l'Alphabet I
99%
Lettre de l'Alphabet R
99%
Lettre de l'Alphabet O
98%
Lettre de l'Alphabet E
97%
Lettre de l'Alphabet L
97%
Lettre Trouvée N
97%
Lettre de l'Alphabet P
97%
Lettre de l'Alphabet D
94%
Lettre de l'Alphabet M
94%
Lettre de l'Alphabet B
93%
Lettre de l'Alphabet T
89%
Lettre Bien Placée N
88%
Lettre de l'Alphabet U
87%
Lettre de l'Alphabet G
85%
Lettre Bien Placée A
84%
Lettre de l'Alphabet K
84%
Lettre de l'Alphabet H
83%
Lettre de l'Alphabet W
82%
Lettre de l'Alphabet C
81%
Lettre de l'Alphabet Y
80%
Lettre de l'Alphabet X
79%
Lettre de l'Alphabet V
77%
Lettre de l'Alphabet J
72%
Lettre de l'Alphabet Z
72%
Lettre Bien Placée S
71%
Lettre Bien Placée A
70%
Lettre de l'Alphabet Q
70%
Lettre de l'Alphabet F
67%
Capitale Mystère Sanaa
67%
Aucun quiz correspondant
Distribution des résultats
% des personnes avec chaque résultat
Percentile par nombre de réponses
Votre historique - résultats
Vous n’avez pas pris ce quiz